00638nam a2200217 a 4500001001300000003000900013005001700022008004100039020002300080082001800103100002300121245006400144260005200208300001000260500003500270505000900305650001600314650003000330650003700360700002300397nice12345678IN_TiNIC20260116013750.0050524s1994 bera grp 000 0 eng  a0520721 c9.500a297.0962bGAF aGaffney, Patrick D aProphet`s Pulpitb Islamic Preaching in Contemporary Egypt. aBerkeleybUniversity of California Press c1994 a136p. aincludes index and biblioraphy2 aMaps aIslam-Egypt aAuthority-Religious-Egypt aReligious Fundamentalism-Islamic1 aGaffney, Patrick D